书目信息 |
| 题名: |
回忆鲁迅资料辑录
|
|
| 作者: | ;上海教育出版社 编 | |
| 分册: | ||
| 出版信息: | 上海 上海教育出版社 1980.06 |
|
| 页数: | 336页 | |
| 开本: | 21cm | |
| 丛书名: | ||
| 单 册: | ||
| 中图分类: | I210.94 | |
| 科图分类: | ||
| 主题词: | 文学--作品集--中国 | |
| 电子资源: | ||
| ISBN: | ||
| 000 | 00520nam0 2200193 45 | |
| 001 | 0302180901 | |
| 005 | 20060818085036.14 | |
| 010 | @dCNY1.05 | |
| 091 | @a7150.2088 | |
| 100 | @a20030218d1980 km y0chiy0120 ea | |
| 101 | 0 | @achi |
| 200 | 1 | @a回忆鲁迅资料辑录@AHui Yi Lu Xun Zi Liao Ji Lu@f本社编@FBen She Bian |
| 210 | @a上海@c上海教育出版社@d1980.06 | |
| 215 | @a336页@d21cm | |
| 606 | 0 | @a文学@x作品集@x中国 |
| 690 | @aI210.94@v3 | |
| 711 | 02 | @a上海教育出版社@4编 |
| 801 | @aCN@bTSTC@c20060818 | |
| 905 | @dI210.94@e25 | |
| 回忆鲁迅资料辑录/本社编.-上海:上海教育出版社,1980.06 |
| 336页;21cm |
| ISBN :CNY1.05 |
| ● |
| 相关链接 |
|
|
|
|
正题名:回忆鲁迅资料辑录
索取号:I210.94/25
 
预约/预借
| 序号 | 登录号 | 条形码 | 馆藏地/架位号 | 状态 | 备注 |
| 1 | 0032207 | 001735616 | 密集书库/ [索取号:I210.94/25] | 在馆 | |
| 2 | 0032208 | 000532338 | 密集书库/ [索取号:I210.94/25] | 在馆 | |
| 3 | 0179447 | 000532347 | 第二借阅区/ [索取号:I210.94/25] | 在馆 | |
| 4 | 0179448 | 202440215 | 第一样本阅览室/ [索取号:I210.94/25] | 在馆 | |
| 5 | 0443698 | 204436985 | 密集书库/ [索取号:I210.94/25] | 在馆 | |
| 6 | 0468020 | 204680201 | 密集书库/ [索取号:I210.94/25] | 在馆 | |
| 7 | 0468021 | 204680210 | 密集书库/ [索取号:I210.94/25] | 在馆 |